000 00641 a2200217 4500
005 20250415095238.0
020 _a0333391489
050 _aS675
_bKAU 1985
100 _aKaul, R. N.
_eauthor
245 _aIntroduction to agricultural mechanisation /
_cR. N. Kaul
264 _aLondon :
_bMacmillan,
_c1985.
300 _a194 pages :
_billustrations
336 _2rdacontent
_atext
_btxt
337 _2rdamedia
_aunmediated
_bn
338 _2rdacarrier
_avolume
_bnc
500 _aIncludes index
650 _aAgricultural machinery.
650 _aFarm mechanisation.
650 _aAgricultural engineering.
942 _2lcc
_cBK
_h675
_iKAU
_kS
999 _c5725
_d5725